000 02501cam a22004574i 4500
003 PE-LiUPU
005 20250731173314.0
008 150625s r 000 0 d
020 _a825422019
035 _a(Sirsi) i825422019
040 _aPE-LiUPU
_bspa
_cPE-LiUPU
_erda
049 _aPRUA
082 0 4 _a231
_bB46
_221
100 1 _aBickersteth, Edward Henry,
_eautor.
245 1 4 _aThe trinity :
_bscripture testimony to the one eternal godhead of the Father, and of the Son, and of the Holy Spirit /
_cEdward Henry Bickersteth.
264 1 _aMichigan :
_bKregel,
_c
300 _a182 p ;
_c22 centímetros
336 _atext
_2rdacontent
337 _aunmediated
_2rdamedia
338 _avolume
_2rdacarrier
505 0 _aPreparation of heart. -Our position before God. -That Scripture, in the Old and the New Testament alike, detaches our ultimate confidence from man the creature, and attaches it to God the Creator. -That Scripture, in the Old and the New Testament alike, requires us to repose our ultimate confidence in the Lord Jesus Christ. -That Scripture, in the Old and the New Testament alikel proves the coequal Deity of Jesus Christ with that of the eterna, Father. -That Scripture, in the Old and the New Testament alike, presents to us the incarnation and the mission of the Saviour, as the extremity of condescension in Jehovah, that thereby he might exalt us to everlasting life. -That Scripture, in the Old and the New Testament, alike, proves the coequal Godhead of the Holy Spirit with that of the Father and of the Son. -That Scripture, in the Old and the New Testament alike, assures us that in the trustful knowledge of One God, the Father, The Son, and the Holy Ghost, is the spiritual life of man now and for ever.
526 _aSEG42
526 _aSEG41
526 _aSEG40
526 _aSEG39
526 _aP94
526 _aP87
526 _aP86
526 _aP85
526 _aP77
526 _aP76
526 _aP35
650 0 4 _aTrinidad
_xDios.
910 _agl
_bjv
_clch
_d20060322
942 _2ddc
_cBOOK
949 _a231 B46
_wDEWEY
_c1
_i56185
_lCCODEBUL1
_mBUL
_p13.00
_r0
_sY
_tBOOK
_u2015-6-25
_xTEOLOGIA
_zUNKNOWN
_0COMPRA
_o.STAFF. Colección General
994 _aC0
_bPEPRU
596 _a1
999 _a231 B46
_wDEWEY
_c45433
_i56185
_f2021-11-9
_g5
_lCCODEBUL1
_mBUL
_p13.00
_q1
_r0
_sY
_tBOOK
_u2015-6-25
_xTEOLOGIA
_zUNKNOWN
_0COMPRA
_o.STAFF. Colección General
_d45433
980 _81
_gALBERTO SANCHEZ Responsable de Automatización